San Jose Sharks 2025-2026 Roster by Number - Statistics

General Stats
  • This quiz has been taken 76 times
    13 since last reset
  • The average score is 19 of 25
Answer Stats
# Position Player % Correct
71 C Macklin Celebrini
100%
72 LW William Eklund
100%
2 C Will Smith
100%
6 D Sam Dickinson
91%
73 C Tyler Toffoli
91%
30 G Yaroslov Askarov
91%
3 D John Klingberg
82%
44 LW Kiefer Sherwood
82%
77 C Michael Misa
82%
75 RW Ryan Reaves
82%
5 D Vincent Desharnais
82%
33 G Alex Nedeljkovic
73%
51 RW Collin Graf
73%
9 D Dmitry Orlov
73%
38 D Mario Ferraro
73%
63 C Zack Ostapchuck
73%
81 RW Adam Gaudette
64%
21 C Alexander Wennberg
64%
23 C Barclay Goodrow
64%
85 D Shakir Mukhamadullin
64%
10 C Ty Dellandrea
64%
84 LW Pavol Regenda
55%
96 C Philipp Kurashev
55%
53 LW Jeff Skinner
45%
37 D Timothy Liljegren
45%
No matching quizzes found
Score Distribution
Percent of People with Each Score
Percentile by Number Answered
Your Score History
You have not taken this quiz since the last reset